000 00504nam a2200181Ia 4500
003 OSt
005 20240708162533.0
008 210210b1956 xxu||||| |||| 00| 0 eng d
040 _aAL
_c
041 _aKannada
082 _a859/1193
100 _aBINDUMADHAVA KULAKARNI
_928481
_d ಬಿಂದುಮಾಧವ ಕುಲಕರ್ಣಿ
245 _aBarada hadu
_bಬಾರದ ಹಾಡು
260 _aBengaluru
_b-
_c1956
690 _aKannada Fiction
_928482
906 _a021936
942 _2ddc
_cBK
999 _c146042
_d146042